Statistics for Best Picture Oscar Nominees of the 21st Century

Click here to take the quiz!

General Stats

  • This quiz has been taken 1,763 times
    (599 since last reset)
  • The average score is 56 of 181

Answer Stats

HintAnswer% Correct
2023Oppenheimer
85%
2023Barbie
84%
2016La La Land
71%
2019Parasite
70%
2016Moonlight
68%
2022Everything Everywhere All at Once
66%
2003The Lord of the Rings: The Return of the King
63%
2001The Lord of the Rings: The Fellowship of the Ring
61%
2002The Lord of the Rings: The Two Towers
60%
2018Green Book
56%
2009Avatar
55%
2022Avatar: The Way of Water
55%
201312 Years a Slave
54%
2000Gladiator
53%
2020Nomadland
53%
2006The Departed
53%
2017The Shape of Water
53%
2012Django Unchained
51%
2023Killers of the Flower Moon
51%
2007No Country for Old Men
51%
2014Birdman or (The Unexpected Virtue of Ignorance)
50%
2021CODA
50%
2012Argo
49%
2010Inception
49%
2019Once Upon a Time in Hollywood
49%
2023Poor Things
49%
2010The King's Speech
49%
2013The Wolf of Wall Street
49%
2005Crash
48%
2015The Revenant
48%
2009Inglourious Basterds
46%
2002Chicago
45%
2015Spotlight
45%
2009The Hurt Locker
45%
2018Black Panther
44%
2021Dune
44%
2011The Artist
44%
2023The Holdovers
44%
2019The Irishman
44%
2019Joker
43%
2004Million Dollar Baby
43%
2008Slumdog Millionaire
43%
2023Anatomy of a Fall
42%
2017Three Billboards Outside Ebbing, Missouri
41%
2001A Beautiful Mind
40%
2017Dunkirk
40%
2023Maestro
40%
20191917
39%
2005Brokeback Mountain
39%
2023American Fiction
38%
2007There Will Be Blood
38%
2023The Zone of Interest
38%
2013Gravity
37%
2018Bohemian Rhapsody
36%
2012Silver Linings Playbook
35%
2012Lincoln
34%
2009Up
34%
2023Past Lives
33%
2018Roma
33%
2022The Banshees of Inisherin
33%
2002The Pianist
33%
2022Top Gun: Maverick
33%
2016Manchester by the Sea
32%
2022All Quiet on the Western Front
31%
2018A Star is Born
31%
2013Dallas Buyers Club
31%
2002Gangs of New York
31%
2020The Father
31%
2018The Favourite
31%
2010Black Swan
30%
2019Little Women
30%
2004The Aviator
30%
2006The Queen
30%
2014The Theory of Everything
30%
2017Get Out
29%
2012Les Miserables
29%
2008Milk
29%
2011The Help
29%
2013American Hustle
28%
2022Elvis
28%
2012Life of Pi
28%
2014The Grand Budapest Hotel
28%
2010The Social Network
28%
2010Toy Story 3
28%
2021West Side Story
28%
2017Lady Bird
27%
2015Room
27%
2022The Fabelmans
27%
2014The Imitation Game
27%
2015The Martian
27%
2021The Power of the Dog
27%
2014American Sniper
26%
2016Arrival
26%
2018BlacKkKlansman
26%
2019Jojo Rabbit
26%
2021King Richard
26%
2019Marriage Story
26%
2014Whiplash
26%
2013Her
25%
2015Mad Max: Fury Road
25%
2004Ray
25%
2022Tár
25%
2008The Reader
25%
2017Call Me By Your Name
24%
2017Darkest Hour
24%
2007Juno
24%
2016Lion
24%
2006Little Miss Sunshine
24%
2020Minari
24%
2010True Grit
24%
2014Boyhood
23%
2021Don't Look Up
23%
2011Hugo
23%
2020Mank
23%
2001Moulin Rouge!
23%
2015The Big Short
23%
2009The Blind Side
23%
2010The Fighter
23%
2000Erin Brockovich
22%
2000Traffic
22%
2016Hidden Figures
21%
2021Licorice Pizza
21%
2011Moneyball
21%
2003Mystic River
21%
2017Phantom Thread
21%
2017The Post
21%
2009Up in the Air
21%
2018Vice
21%
2012Zero Dark Thirty
21%
2005Capote
20%
2000Crouching Tiger, Hidden Dragon
20%
2016Hacksaw Ridge
20%
2020Judas and the Black Messiah
20%
2003Lost in Translation
20%
2005Munich
20%
2020Sound of Metal
20%
2006Babel
19%
2015Bridge of Spies
19%
2016Fences
19%
2007Michael Clayton
19%
2009Precious: Based on the Novel 'Push' by Sapphire
19%
2020Promising Young Woman
19%
2014Selma
19%
2008The Curious Case of Benjamin Button
19%
2002The Hours
19%
2011War Horse
19%
2022Women Talking
19%
2007Atonement
18%
2021Belfast
18%
2013Captain Phillips
18%
2021Drive My Car
18%
2019Ford v Ferrari
18%
2004Sideways
18%
2011The Descendants
18%
2008Frost/Nixon
17%
2020The Trial of the Chicago 7
17%
2022Triangle of Sadness
17%
2005Good Night, and Good Luck
16%
2006Letters from Iwo Jima
16%
2003Master and Commander: The Far Side of the World
16%
2013Nebraska
16%
2021Nightmare Alley
16%
2010127 Hours
15%
2012Beasts of the Southern Wild
15%
2015Brooklyn
15%
2000Chocolat
15%
2011Extremely Loud & Incredibly Close
15%
2016Hell or High Water
15%
2011Midnight in Paris
15%
2012Amour
14%
2009A Serious Man
14%
2009District 9
14%
2004Finding Neverland
14%
2013Philomena
14%
2011The Tree of Life
14%
2001Gosford Park
13%
2001In the Bedroom
13%
2003Seabiscuit
13%
2010Winter's Bone
13%
2009An Education
12%
2010The Kids Are All Right
12%

Score Distribution

Percentile by Number Answered

Percent of People with Each Score

Your Score History

You have not taken this quiz since the last reset